000
00343nam a2200145Ia 4500
008
230718s9999 xx 000 0 und d
041
_a
Eng.
082
_a
343096
_b
BRI-M
100
_a
Brice, Geoffrey
245
0
_a
Martime Law of Selvog
260
_a
Pakistan
_b
Civil and Clinipal (om
_c
1999
300
_a
877
650
_a
Law
999
_c
26585
_d
26585